000 00276nam a22000977a 4500
008 221104b |||||||| |||| 00| 0 eng d
020 _a9789353333119
100 _aPrabhudesai Devendra
_97615
245 _aA Biography of Rahul Dravid
260 _aNew Delhi
_bRupa Publications
_c2022
999 _c12128
_d12128